Sive by John B Keane - Statistics

General Stats
  • This quiz has been taken 10 times
  • The average score is 10 of 15
Answer Stats
Hint Answer % Correct
Her Aunt Mena Glavin
100%
Her Uncle Mike Glavin
100%
Her Fiance Seán Dóta
100%
Titular Character Sive
100%
His Mother Nanna
88%
The Money he received for the match (£) 100
75%
The Younger Bocock Carthalawn
75%
Her Cousin Liam Scuab
75%
The Elder Bocock Pats
75%
The Man who Made the Match Thomasheen Seán Rua
75%
"You will have no ___ till you take a husband." Name
38%
"Are you forgetting him who died on the ___" Calvary
13%
"The face of the ___ is changing" Country
13%
"Ye used to drink yeer tay out of ___ ___..." Jam pots
13%
"In our prayers, when ever we get the notion to ___" Kneel
13%
No matching quizzes found
Score Distribution
Percent of People with Each Score
Percentile by Number Answered
Your Score History
You have not taken this quiz